Mestské lesy Košice zatiaľ hospodária s miernym ziskom, trúfajú si však na viac
Mestské lesy Košice (MLK), s.r.o. - vznik, postavenie, hospodárenie. Strata zahraničných partnerov, súčasný stav vo vývoze dreva. Ťažkosti podnikania v lese, nedostatok finančných prostriedkov.
Gespeichert in:
| 1. Verfasser: | |
|---|---|
| Format: | Buchkapitel |
| Sprache: | Slowakisch |
| Schlagworte: | |
| Tags: |
Keine Tags, Fügen Sie das erste Tag hinzu!
|
MARC
| LEADER | 00000naa a2200000 4500 | ||
|---|---|---|---|
| 001 | r028182 | ||
| 005 | 20230921082103.2 | ||
| 041 | 0 | |a slo | |
| 044 | |a SK | ||
| 245 | 1 | 0 | |a Mestské lesy Košice zatiaľ hospodária s miernym ziskom, trúfajú si však na viac |c G. Beer |
| 520 | |a Mestské lesy Košice (MLK), s.r.o. - vznik, postavenie, hospodárenie. Strata zahraničných partnerov, súčasný stav vo vývoze dreva. Ťažkosti podnikania v lese, nedostatok finančných prostriedkov. | ||
| 610 | 2 | 0 | |a lesy |
| 610 | 2 | 0 | |a hospodárstvo lesné |
| 610 | 2 | 0 | |a podnikanie |
| 610 | 2 | 0 | |a zisk |
| 610 | 2 | 0 | |a zisk podnikateľský |
| 610 | 2 | 0 | |a Košice |
| 610 | 2 | 0 | |a Mestské lesy Košice, s.r.o. |
| 610 | 2 | 0 | |a vývoz |
| 610 | 2 | 0 | |a drevo |
| 100 | 1 | |a Beer, Gabriel | |